000 00985nam a2200229Ia 4500
001 L890-39270
003 IT-CnALBA
008 170116s9999||||xx |||||||||||||| ||und||
040 _aIT-CnALBA
_cIT-CnALBA
041 _aITALIANO
100 _aBENZONI FERRUCCIO
245 0 _aNUMI D'UN LESSICO FIGLIALE. 1987-1993.
250 _a1a ed.
260 _a VENEZIA
_bMARSILIO EDITORI
_c1995 [1° Ed.:1995 - Ed.Ling.Originale: 1995]
300 _a179 p.
500 _aL'AMNESIA DEI MORTI. NEI PARAGGI DI UN DIO FURTIVO. SOGNO DEL FIACCHERAIO. CONVALESCENZE. DIETRO ME STESSO. ILLUNE LA NOTTE MIRACOLATA. EPIGRAFE.
501 _aSocietà San Paolo EM - Piazza San Paolo, 14 - 12051 ALBA (CN) (non commercial uses only) ® Copyright 2017
520 _aL'AMNESIA DEI MORTI. NEI PARAGGI DI UN DIO FURTIVO. SOGNO DEL FIACCHERAIO. CONVALESCENZE. DIETRO ME STESSO. ILLUNE LA NOTTE MIRACOLATA. EPIGRAFE.
650 _aLETTERATURE IN ALTRE LINGUE
942 _cBK
957 _71
999 _a44224
_bNO
_g Copie: 1
_c298256
_d298256